| 000 -LEADER |
| fixed length control field |
00335nam a22001337a 4500 |
| 003 - CONTROL NUMBER IDENTIFIER |
| control field |
OSt |
| 005 - DATE AND TIME OF LATEST TRANSACTION |
| control field |
20200806115204.0 |
| 008 - FIXED-LENGTH DATA ELEMENTS--GENERAL INFORMATION |
| fixed length control field |
200806b ||||| |||| 00| 0 eng d |
| 082 ## - DEWEY DECIMAL CLASSIFICATION NUMBER |
| Classification number |
720.92 |
| Item number |
KRI |
| 100 ## - MAIN ENTRY--PERSONAL NAME |
| Personal name |
Kries, Mateo, |
| Dates associated with a name |
1974 |
| 245 ## - TITLE STATEMENT |
| Title |
Balkrishna Doshi : architecture for the people |
| 260 ## - PUBLICATION, DISTRIBUTION, ETC. (IMPRINT) |
| Name of publisher, distributor, etc |
Vitra design musium |
| 942 ## - ADDED ENTRY ELEMENTS (KOHA) |
| Source of classification or shelving scheme |
|